000 00318nam a2200145Ia 4500
100 _aMathews/John H
650 _aMathematics
942 _cBK
245 _aNumerical methods
260 _bPrentice -Hall of India
_aNew Delhi
_c2003
082 _a519.5/MAT
_bMAT
300 _a646
546 _aENGLISH
999 _c17915
_d17915